| 000 | 00765nam a2200241 a 4500 | ||
|---|---|---|---|
| 001 | 66234 | ||
| 003 | BD-RjUL | ||
| 005 | 20211209081520.0 | ||
| 008 | 170315s1963 miua 001 0 eng | ||
| 035 | _a(BD-RjUL)66364 | ||
| 040 |
_aDLC _cOSU _dSER _dOCL _dYNG _dPIT _dEQO _dBD-RjUL _beng |
||
| 041 | _aeng | ||
| 082 |
_223 _a510 _bMUL 1963 |
||
| 100 | 1 | 0 |
_aMunroe, M. Evans _q(Marshall Evans), _d1918- _9196013 |
| 245 | 1 | 4 |
_aThe language of mathematics / _cby M. Evans Munroe. |
| 260 |
_aAnn Arbor : _bUniversity of Michigan Press, _cc1963. |
||
| 300 |
_a94 p. : _bill. ; _c22 cm. |
||
| 490 | 1 | _aAnn Arbor science library | |
| 500 | _aIncludes index. | ||
| 650 | 0 |
_aMathematics _xPopular works. _9196014 |
|
| 830 | 0 |
_aAnn Arbor science library _9196016 |
|
| 942 |
_2ddc _cBK |
||
| 999 |
_c66234 _d66234 |
||